[Event "41. Open Ciutat de Badalona 2015 - C"]
[Site "Badalona ESP"]
[Date "2015.08.04"]
[Round "3.3"]
[White "Alonso Gomez, Antonio"]
[Black "Lozano Ruiz, David"]
[Result "0-1"]
[WhiteElo "1879"]
[BlackElo "1812"]
[PlyCount "92"]
[EventDate "2015.08.02"]
[EventType "swiss"]
[EventRounds "9"]
[EventCountry "ESP"]
[SourceTitle "Ajedrez en Madrid"]
[Source "lmi"]
[SourceDate "2015.08.02"]
[SourceVersion "1"]
[SourceVersionDate "2018.07.18"]
[SourceQuality "1"]

1. e4 c5 2. Nc3 d6 3. d3 Nf6 4. Nge2 g6 5. g3 Bg7 6. Bg2 Nc6 7. h3 Rb8 8. O-O
b5 9. f4 Bd7 10. Kh2 O-O 11. g4 b4 12. Nb1 a5 13. Nd2 a4 14. Rb1 Qc7 15. Kh1
Na5 16. c3 b3 17. a3 Bb5 18. c4 Ba6 19. Nc3 Qd7 20. Nf3 Bb7 21. Bd2 Ra8 22. Be1
Nc6 23. Ne2 Rfc8 24. Bc3 e6 25. Ng3 d5 26. f5 dxe4 27. dxe4 Qc7 28. Qe1 e5 29.
g5 Nd7 30. f6 Bf8 31. Rf2 Nd4 32. Nf1 h5 33. h4 Nb6 34. Ne3 Bxe4 35. Rc1 Nxf3
36. Bxf3 Bxf3+ 37. Rxf3 Qc6 38. Kg2 e4 39. Rf2 Qe6 40. Rd1 Rd8 41. Rxd8 Rxd8
42. Ba5 Rd3 43. Bxb6 Qxb6 44. Nd5 Qe6 45. Nf4 Qg4+ 46. Kf1 Rd1 0-1

[Event "41. Open Ciutat de Badalona 2015 - C"]
[Site "Badalona ESP"]
[Date "2015.08.04"]
[Round "3.4"]
[White "Rossi, Pascal"]
[Black "Riera Miralles, Vicente Julián"]
[Result "1-0"]
[WhiteElo "1775"]
[BlackElo "1754"]
[PlyCount "33"]
[EventDate "2015.08.02"]
[EventType "swiss"]
[EventRounds "9"]
[EventCountry "ESP"]
[SourceTitle "Ajedrez en Madrid"]
[Source "lmi"]
[SourceDate "2015.08.02"]
[SourceVersion "1"]
[SourceVersionDate "2018.07.18"]
[SourceQuality "1"]

1. d4 d5 2. e4 dxe4 3. Nc3 Nf6 4. f3 exf3 5. Nxf3 Nd5 6. Bc4 Nxc3 7. bxc3 e6 8.
O-O Be7 9. Ne5 O-O 10. Qg4 Bf6 11. Nf3 b5 12. Bd3 g6 13. Ne5 c5 14. Qf3 Bxe5
15. dxe5 Qc7 16. Bh6 Bb7 17. Qf6 1-0

[Event "41. Open Ciutat de Badalona 2015 - C"]
[Site "Badalona ESP"]
[Date "2015.08.04"]
[Round "3.5"]
[White "Robla Carreiras, Xavier"]
[Black "Navines Monfa, Josep"]
[Result "1-0"]
[WhiteElo "1829"]
[BlackElo "1874"]
[PlyCount "63"]
[EventDate "2015.08.02"]
[EventType "swiss"]
[EventRounds "9"]
[EventCountry "ESP"]
[SourceTitle "Ajedrez en Madrid"]
[Source "lmi"]
[SourceDate "2015.08.02"]
[SourceVersion "1"]
[SourceVersionDate "2018.07.18"]
[SourceQuality "1"]

1. e4 e5 2. Nc3 Nc6 3. Bc4 Nf6 4. d3 h6 5. f4 Bc5 6. h3 d6 7. Nf3 Nh5 8. Ne2
O-O 9. g4 Nxf4 10. Nxf4 Nd4 11. Nh5 Be6 12. c3 Nxf3+ 13. Qxf3 Bxc4 14. dxc4
Qh4+ 15. Ke2 Rae8 16. Bxh6 gxh6 17. Nf6+ Kg7 18. Nxe8+ Rxe8 19. Raf1 f6 20. b4
Bb6 21. a4 a6 22. Rd1 a5 23. Rhf1 Rf8 24. Rd5 axb4 25. cxb4 Bd4 26. c5 dxc5 27.
bxc5 c6 28. Rd7+ Rf7 29. Rxf7+ Kxf7 30. Rb1 Bxc5 31. Rxb7+ Be7 32. Qb3+ 1-0

[Event "41. Open Ciutat de Badalona 2015 - C"]
[Site "Badalona ESP"]
[Date "2015.08.04"]
[Round "3.6"]
[White "Cervera Lopez, Miguel"]
[Black "Khudov, Oleksandr"]
[Result "0-1"]
[WhiteElo "1851"]
[BlackElo "1602"]
[PlyCount "58"]
[EventDate "2015.08.02"]
[EventType "swiss"]
[EventRounds "9"]
[EventCountry "ESP"]
[SourceTitle "Ajedrez en Madrid"]
[Source "lmi"]
[SourceDate "2015.08.02"]
[SourceVersion "1"]
[SourceVersionDate "2018.07.18"]
[SourceQuality "1"]

1. d4 d5 2. Nc3 f5 3. e3 e6 4. Nf3 Nf6 5. Ne5 c6 6. g4 fxg4 7. Nxg4 Bd6 8. Rg1
O-O 9. Ne5 Nbd7 10. f4 Nb6 11. Bd3 Bd7 12. Qf3 Be8 13. Rg5 h6 14. Rg2 Qe7 15.
Qh3 Kh8 16. Bd2 Bh5 17. Ng6+ Bxg6 18. Rxg6 Nc4 19. Bxc4 dxc4 20. Ke2 c5 21.
Rag1 Rf7 22. Nb5 Re8 23. c3 a6 24. dxc5 axb5 25. cxd6 Qxd6 26. Qf3 Qd3+ 27. Ke1
Ne4 28. R1g2 Nxd2 29. Rxd2 Qxg6 0-1

[Event "41. Open Ciutat de Badalona 2015 - C"]
[Site "Badalona ESP"]
[Date "2015.08.04"]
[Round "3.7"]
[White "Fungueiriño Pique, Daniel"]
[Black "Torrubia De Nova, Guillermo"]
[Result "0-1"]
[WhiteElo "1808"]
[BlackElo "1892"]
[PlyCount "56"]
[EventDate "2015.08.02"]
[EventType "swiss"]
[EventRounds "9"]
[EventCountry "ESP"]
[SourceTitle "Ajedrez en Madrid"]
[Source "lmi"]
[SourceDate "2015.08.02"]
[SourceVersion "1"]
[SourceVersionDate "2018.07.18"]
[SourceQuality "1"]

1. d4 Nf6 2. Nf3 d5 3. e3 c6 4. Bd3 Bg4 5. Nbd2 Nbd7 6. c3 e6 7. Qc2 c5 8. dxc5
Nxc5 9. Bb5+ Ncd7 10. Ne5 Bf5 11. Qa4 a6 12. Bxd7+ Nxd7 13. Qxd7+ Qxd7 14. Nxd7
Kxd7 15. O-O Bd6 16. Nf3 h6 17. h3 g5 18. Nd4 Bh7 19. f4 gxf4 20. exf4 Be4 21.
Kh2 Rag8 22. g3 Rg7 23. Be3 Rhg8 24. Rg1 h5 25. Raf1 Ke7 26. Ne2 h4 27. Bd4 Rg6
28. gxh4 Rg2+ 0-1

[Event "41. Open Ciutat de Badalona 2015 - C"]
[Site "Badalona ESP"]
[Date "2015.08.04"]
[Round "3.8"]
[White "Martin Barcelo, Carles"]
[Black "Mc Aleenan, Charles"]
[Result "1/2-1/2"]
[WhiteElo "1805"]
[BlackElo "1778"]
[PlyCount "42"]
[EventDate "2015.08.02"]
[EventType "swiss"]
[EventRounds "9"]
[EventCountry "ESP"]
[SourceTitle "Ajedrez en Madrid"]
[Source "lmi"]
[SourceDate "2015.08.02"]
[SourceVersion "1"]
[SourceVersionDate "2018.07.18"]
[SourceQuality "1"]

1. e4 d6 2. d4 Nf6 3. Nc3 e5 4. dxe5 dxe5 5. Qxd8+ Kxd8 6. Nf3 Bd6 7. Bg5 Be6
8. Rd1 Nbd7 9. Be2 a6 10. O-O Ke8 11. a3 h6 12. Bxf6 Nxf6 13. Rfe1 Rd8 14. Rd2
Rd7 15. Red1 Kd8 16. h3 Kc8 17. b4 Rhd8 18. Nh2 g5 19. g4 Be7 20. Rxd7 Rxd7 21.
Rb1 Rd4 1/2-1/2

[Event "41. Open Ciutat de Badalona 2015 - C"]
[Site "Badalona ESP"]
[Date "2015.08.04"]
[Round "3.9"]
[White "Vegara Gallego, Pere"]
[Black "Vela Valverde, Sergi"]
[Result "1-0"]
[WhiteElo "1873"]
[BlackElo "1771"]
[PlyCount "79"]
[EventDate "2015.08.02"]
[EventType "swiss"]
[EventRounds "9"]
[EventCountry "ESP"]
[SourceTitle "Ajedrez en Madrid"]
[Source "lmi"]
[SourceDate "2015.08.02"]
[SourceVersion "1"]
[SourceVersionDate "2018.07.18"]
[SourceQuality "1"]

1. e4 c5 2. Nf3 d6 3. Bc4 e6 4. O-O a6 5. d4 cxd4 6. Nxd4 Nf6 7. Nc3 Be7 8. a4
O-O 9. Be3 Nbd7 10. a5 Nc5 11. f3 e5 12. Nb3 b5 13. axb6 Qxb6 14. Nxc5 dxc5 15.
b3 Rd8 16. Qe2 Bb7 17. Rfd1 Rxd1+ 18. Rxd1 Rd8 19. Rxd8+ Bxd8 20. Na4 Qa5 21.
Nxc5 Bc8 22. Bxa6 Bxa6 23. Nxa6 Nd7 24. Kf2 Bb6 25. Bxb6 Qxb6+ 26. Kf1 Kf8 27.
b4 f6 28. b5 Qd4 29. Qd3 Qa1+ 30. Kf2 Ke7 31. c4 Kd8 32. c5 Kc8 33. c6 Qb2+ 34.
Kg3 Nb6 35. c7 Qd4 36. Qa3 Kb7 37. Qf8 Nc8 38. Nc5+ Kb6 39. Qxc8 Qxc5 40. Qb8+
1-0

[Event "41. Open Ciutat de Badalona 2015 - C"]
[Site "Badalona ESP"]
[Date "2015.08.04"]
[Round "3.10"]
[White "Beltran Vidal, Daniel"]
[Black "Gomez Albamonte, Sonia"]
[Result "1/2-1/2"]
[WhiteElo "1863"]
[BlackElo "1776"]
[PlyCount "94"]
[EventDate "2015.08.02"]
[EventType "swiss"]
[EventRounds "9"]
[EventCountry "ESP"]
[SourceTitle "Ajedrez en Madrid"]
[Source "lmi"]
[SourceDate "2015.08.02"]
[SourceVersion "1"]
[SourceVersionDate "2018.07.18"]
[SourceQuality "1"]

1. d4 c6 2. c4 d5 3. Nf3 Nf6 4. Nc3 Bf5 5. cxd5 cxd5 6. e3 Qc7 7. Qb3 e6 8. Be2
Be7 9. Ne5 O-O 10. g4 Be4 11. f3 Bg6 12. h4 h5 13. Nxg6 fxg6 14. Rg1 Qh2 15. g5
Qxg1+ 16. Kd2 b6 17. gxf6 Bxf6 18. Nxd5 Nc6 19. Nf4 Nxd4 20. exd4 Qxd4+ 21. Nd3
Rac8 22. Qxe6+ Kh7 23. Qe4 Qxe4 24. fxe4 Bxh4 25. Kd1 Rfe8 26. e5 Bg3 27. Bg5
Bxe5 28. Rc1 Rxc1+ 29. Kxc1 Bxb2+ 30. Kd2 Bf6 31. Be3 h4 32. Nf4 g5 33. Nh3 Kh6
34. Nf2 Rd8+ 35. Kc2 Kh7 36. Nh3 Re8 37. Kd3 Re5 38. Bd2 Rd5+ 39. Kc2 Re5 40.
Kd3 b5 41. Bf3 a6 42. Bc3 Re6 43. Bb4 Kh6 44. Bd2 Rd6+ 45. Kc2 Re6 46. Kd3 Rd6+
47. Kc2 Re6 1/2-1/2

[Event "41. Open Ciutat de Badalona 2015 - C"]
[Site "Badalona ESP"]
[Date "2015.08.05"]
[Round "4.2"]
[White "Romero Funieles, Rafael de Jesus"]
[Black "Robla Carreiras, Xavier"]
[Result "1/2-1/2"]
[WhiteElo "1885"]
[BlackElo "1829"]
[PlyCount "130"]
[EventDate "2015.08.02"]
[EventType "swiss"]
[EventRounds "9"]
[EventCountry "ESP"]
[SourceTitle "Ajedrez en Madrid"]
[Source "lmi"]
[SourceDate "2015.08.02"]
[SourceVersion "1"]
[SourceVersionDate "2018.07.18"]
[SourceQuality "1"]

1. e4 c5 2. Nf3 a6 3. Bc4 e6 4. d4 cxd4 5. Qxd4 Nc6 6. Qd1 Qc7 7. Bd3 Nf6 8. h3
Be7 9. a3 d5 10. exd5 Nxd5 11. Bd2 b5 12. Nc3 Nf4 13. Bxf4 Qxf4 14. Qe2 Bb7 15.
Qe4 Qxe4+ 16. Bxe4 Rc8 17. O-O f5 18. Bxc6+ Rxc6 19. Rfe1 Bf6 20. Ne5 Bxe5 21.
Rxe5 Kf7 22. Rae1 Rd8 23. R1e2 Rcd6 24. Kh2 Bc8 25. Na2 Rd5 26. Rxd5 Rxd5 27.
Nb4 Rd6 28. Nd3 Kf6 29. Re3 Rd5 30. Nb4 Re5 31. Rc3 Bb7 32. Rc7 Bd5 33. f4 Re2
34. Nxd5+ exd5 35. b3 h6 36. Kg1 g5 37. fxg5+ hxg5 38. Kf1 Re6 39. Rc5 Rd6 40.
Ke2 Ke5 41. Kd3 Kf4 42. Kd4 g4 43. Rc3 gxh3 44. Rxh3 Kg4 45. c3 f4 46. Rf3 Rd8
47. Ke5 Re8+ 48. Kxd5 Re3 49. Rf2 Rxc3 50. Rb2 Kg3 51. Kd4 Rc6 52. Ke4 Rh6 53.
Rd2 Re6+ 54. Kd5 Re3 55. Rb2 f3 56. gxf3 Kxf3 57. Kc5 Re5+ 58. Kb6 Re6+ 59. Kc5
Re5+ 60. Kb4 Re6 61. Rc2 Kf4 62. Ka5 Kf5 63. Rc8 Re3 64. Kb4 Re4+ 65. Kc3 Re3+
1/2-1/2

[Event "41. Open Ciutat de Badalona 2015 - C"]
[Site "Badalona ESP"]
[Date "2015.08.05"]
[Round "4.3"]
[White "Khudov, Oleksandr"]
[Black "Rossi, Pascal"]
[Result "0-1"]
[WhiteElo "1602"]
[BlackElo "1775"]
[PlyCount "202"]
[EventDate "2015.08.02"]
[EventType "swiss"]
[EventRounds "9"]
[EventCountry "ESP"]
[SourceTitle "Ajedrez en Madrid"]
[Source "lmi"]
[SourceDate "2015.08.02"]
[SourceVersion "1"]
[SourceVersionDate "2018.07.18"]
[SourceQuality "1"]

1. c4 Nf6 2. Nc3 c5 3. Nf3 g6 4. g3 Bg7 5. Bg2 O-O 6. O-O Nc6 7. d3 d6 8. Rb1
Bg4 9. a3 Qc8 10. Re1 Bh3 11. Bh1 Ng4 12. Ng5 Nge5 13. Nxh3 Qxh3 14. Bg2 Qd7
15. Bd2 Rab8 16. b4 Qf5 17. b5 Nd4 18. Nd5 Qd7 19. f4 Ng4 20. e3 e6 21. Nc3 h5
22. h3 Nxe3 23. Rxe3 Nf5 24. Rf3 d5 25. Kh2 Rbd8 26. cxd5 exd5 27. Rf1 Bxc3 28.
Bxc3 Ne3 29. Qf3 Nxf1+ 30. Qxf1 d4 31. Bd2 Rfe8 32. Be4 f5 33. Bf3 Re7 34. a4
Rde8 35. Rc1 Qd6 36. Re1 Rxe1 37. Bxe1 Re7 38. Bf2 h4 39. Qc1 hxg3+ 40. Bxg3 b6
41. Kg2 Re3 42. Bf2 Re8 43. h4 Kg7 44. Kg3 Qe6 45. Qc2 Rc8 46. Kg2 Kh6 47. Qc4
Qd6 48. Kg3 Re8 49. Qc2 Re7 50. Qc4 Rg7 51. Qd5 Qc7 52. Qe5 Qd8 53. Qd5 Qf8 54.
Qe6 Re7 55. Qc4 Qf6 56. Qd5 Kg7 57. Qc4 Rd7 58. Bd5 Re7 59. Bf3 Qd6 60. Qb3 Kf6
61. Qc4 Kg7 62. Qb3 Kh7 63. Qc4 Qe6 64. Qc2 Rc7 65. Bc6 Kh6 66. Bf3 Rc8 67. Bb7
Rc7 68. Bf3 Qf7 69. Bc6 a6 70. Kh3 axb5 71. Bxb5 Qd5 72. Kg3 Re7 73. Qc4 Qxc4
74. Bxc4 Re2 75. Kf3 Rb2 76. Kg3 Kh5 77. Kf3 Rb4 78. Bb5 Rb3 79. Kg3 Rc3 80.
Kh3 Rc2 81. Bg1 Re2 82. Kg3 Re1 83. Bf2 Ra1 84. Kf3 Ra2 85. Bg1 Kh6 86. Kg3 Kg7
87. Bf2 Kf6 88. Be1 Re2 89. Bf2 Ke6 90. Kf3 Rc2 91. Be1 Kd5 92. Bc4+ Rxc4 93.
dxc4+ Kxc4 94. Ke2 Kd5 95. a5 bxa5 96. Bxa5 Ke4 97. Bc7 c4 98. Kd2 Kf3 99. Be5
Ke4 100. Bf6 c3+ 101. Kc2 Ke3 0-1

[Event "41. Open Ciutat de Badalona 2015 - C"]
[Site "Badalona ESP"]
[Date "2015.08.05"]
[Round "4.4"]
[White "Torrubia De Nova, Guillermo"]
[Black "Vegara Gallego, Pere"]
[Result "1-0"]
[WhiteElo "1892"]
[BlackElo "1873"]
[PlyCount "120"]
[EventDate "2015.08.02"]
[EventType "swiss"]
[EventRounds "9"]
[EventCountry "ESP"]
[SourceTitle "Ajedrez en Madrid"]
[Source "lmi"]
[SourceDate "2015.08.02"]
[SourceVersion "1"]
[SourceVersionDate "2018.07.18"]
[SourceQuality "1"]

1. Nf3 Nf6 2. g3 d5 3. c4 c6 4. b3 e6 5. Bg2 Be7 6. O-O O-O 7. d3 Nbd7 8. Bb2
Re8 9. Nbd2 Nf8 10. Rc1 Ng6 11. Ne5 Nxe5 12. Bxe5 Nd7 13. Bb2 Bf6 14. Bxf6 Qxf6
15. Rc2 Rb8 16. e3 Ne5 17. d4 Ng6 18. Qe2 Qe7 19. Rfc1 Bd7 20. Rb2 Rec8 21. Nf3
b5 22. cxd5 cxd5 23. Rbc2 Rxc2 24. Rxc2 a6 25. Rc7 Qd8 26. Qc2 Rc8 27. Rc5 Rxc5
28. dxc5 Bc6 29. b4 h6 30. Bf1 Qf6 31. Nd4 Ne5 32. Be2 Be8 33. a4 Nc4 34. axb5
axb5 35. Qa2 Qe7 36. Qa8 Kh7 37. Qb8 e5 38. Nxb5 Nd2 39. Qd6 Qb7 40. Qb6 Qa8
41. Na7 Bd7 42. c6 Bh3 43. f3 e4 44. Kf2 Qd8 45. Qd4 Nb1 46. fxe4 Qg5 47. e5
Qf5+ 48. Qf4 Qg6 49. c7 Nd2 50. c8=Q Ne4+ 51. Ke1 Bxc8 52. Nxc8 Qc6 53. Qf5+
Kh8 54. Kf1 Qc1+ 55. Kg2 Qe1 56. Qf1 Qxb4 57. Nd6 Nxd6 58. exd6 Qxd6 59. Qxf7
Qe5 60. Qf8+ Kh7 1-0

[Event "41. Open Ciutat de Badalona 2015 - C"]
[Site "Badalona ESP"]
[Date "2015.08.05"]
[Round "4.5"]
[White "Maza Navarro, Llorens"]
[Black "Alonso Gomez, Antonio"]
[Result "1-0"]
[WhiteElo "1799"]
[BlackElo "1879"]
[PlyCount "89"]
[EventDate "2015.08.02"]
[EventType "swiss"]
[EventRounds "9"]
[EventCountry "ESP"]
[SourceTitle "Ajedrez en Madrid"]
[Source "lmi"]
[SourceDate "2015.08.02"]
[SourceVersion "1"]
[SourceVersionDate "2018.07.18"]
[SourceQuality "1"]

1. b3 Nf6 2. Bb2 g6 3. e4 d6 4. c4 Bg7 5. Nc3 e5 6. d3 Nc6 7. Nf3 a6 8. Be2 O-O
9. Qc2 Bh6 10. Bc1 Nb4 11. Qb2 Bg7 12. a3 Nc6 13. Bg5 h6 14. Bd2 Be6 15. O-O
Ne8 16. Qc1 Kh7 17. b4 Bg4 18. Ng5+ hxg5 19. Bxg4 f6 20. Be3 Bh6 21. b5 Nb8 22.
Bf3 Nd7 23. Qd1 Rb8 24. Qe2 f5 25. exf5 gxf5 26. bxa6 f4 27. Bd2 bxa6 28. Qe4+
Kg7 29. Bh5 Qf6 30. Nd5 Qf5 31. Bxe8 Qxe4 32. dxe4 Rbxe8 33. Nxc7 Re7 34. Bb4
Nc5 35. Bxc5 dxc5 36. Nxa6 Kf6 37. Nxc5 Rc8 38. Nb3 Rxc4 39. f3 Rc3 40. Nd2 Rc2
41. Rfd1 Rd7 42. Nf1 Rb7 43. Rab1 Ra7 44. Rb6+ Kg7 45. Rdd6 1-0

[Event "41. Open Ciutat de Badalona 2015 - C"]
[Site "Badalona ESP"]
[Date "2015.08.05"]
[Round "4.6"]
[White "Mc Aleenan, Charles"]
[Black "Gallardo Gonzalez, Rafael"]
[Result "1-0"]
[WhiteElo "1778"]
[BlackElo "1792"]
[PlyCount "57"]
[EventDate "2015.08.02"]
[EventType "swiss"]
[EventRounds "9"]
[EventCountry "ESP"]
[SourceTitle "Ajedrez en Madrid"]
[Source "lmi"]
[SourceDate "2015.08.02"]
[SourceVersion "1"]
[SourceVersionDate "2018.07.18"]
[SourceQuality "1"]

1. Nf3 d5 2. d4 Nf6 3. c4 Bg4 4. Ne5 Bh5 5. Qb3 b6 6. Nc3 e6 7. cxd5 Nxd5 8. e4
Nxc3 9. bxc3 a6 10. Qa4+ Nd7 11. Bxa6 Be7 12. Nxd7 Qxd7 13. Qxd7+ Kxd7 14. Bc4
c5 15. O-O cxd4 16. cxd4 Rhc8 17. Bb5+ Kd6 18. Bf4+ e5 19. Bxe5+ Ke6 20. Bg3
Bf6 21. d5+ Ke7 22. e5 Bg5 23. f4 Rc4 24. Bc6 Bxf4 25. Bxa8 Bxg3 26. hxg3 Be2
27. Rfe1 Rc2 28. d6+ Ke6 29. Bd5+ 1-0

[Event "41. Open Ciutat de Badalona 2015 - C"]
[Site "Badalona ESP"]
[Date "2015.08.05"]
[Round "4.8"]
[White "Gomez Guinovart, Josep Manel"]
[Black "Pico Garcia, Antonio"]
[Result "1/2-1/2"]
[WhiteElo "1872"]
[BlackElo "1776"]
[PlyCount "49"]
[EventDate "2015.08.02"]
[EventType "swiss"]
[EventRounds "9"]
[EventCountry "ESP"]
[SourceTitle "Ajedrez en Madrid"]
[Source "lmi"]
[SourceDate "2015.08.02"]
[SourceVersion "1"]
[SourceVersionDate "2018.07.18"]
[SourceQuality "1"]

1. d4 d5 2. Nf3 Nc6 3. Bf4 Bf5 4. a3 e6 5. e3 a6 6. c4 Nge7 7. Nc3 Ng6 8. Bg3
Be7 9. Be2 O-O 10. O-O Bd6 11. Bxd6 Qxd6 12. Rc1 Rad8 13. h3 Qe7 14. cxd5 exd5
15. Na4 Nh4 16. Bxa6 Nxf3+ 17. Qxf3 Bc8 18. Bd3 Qg5 19. Nc3 Ne7 20. Ne2 c6 21.
Ng3 Ng6 22. Kh2 Qe7 23. Rc2 Nh4 24. Qh5 Ng6 25. Qf3 1/2-1/2

[Event "41. Open Ciutat de Badalona 2015 - C"]
[Site "Badalona ESP"]
[Date "2015.08.05"]
[Round "4.9"]
[White "Fasheh Braud, Ivan Wael"]
[Black "Beltran Vidal, Daniel"]
[Result "0-1"]
[WhiteElo "1785"]
[BlackElo "1863"]
[PlyCount "96"]
[EventDate "2015.08.02"]
[EventType "swiss"]
[EventRounds "9"]
[EventCountry "ESP"]
[SourceTitle "Ajedrez en Madrid"]
[Source "lmi"]
[SourceDate "2015.08.02"]
[SourceVersion "1"]
[SourceVersionDate "2018.07.18"]
[SourceQuality "1"]

1. e4 d5 2. exd5 Nf6 3. Nf3 Nxd5 4. Bc4 Bg4 5. O-O e6 6. d4 Be7 7. Nbd2 O-O 8.
Ne4 Nb6 9. Bb3 Nc6 10. h3 Bxf3 11. Qxf3 Nxd4 12. Qd1 Nxb3 13. Qxd8 Rfxd8 14.
axb3 Nd5 15. c3 c6 16. b4 b6 17. Nd2 Bf6 18. Ne4 Be7 19. Nd2 h6 20. Nb3 c5 21.
bxc5 bxc5 22. Na5 Rd7 23. Nc4 Bf6 24. Ra5 Rc8 25. Ne3 Nf4 26. Re1 Rcc7 27. Kh2
Nd3 28. Rf1 Nxc1 29. Rxc1 Rd2 30. Rb5 Rxf2 31. Ng4 Rf5 32. Nxf6+ Rxf6 33. Rd1
e5 34. Re1 Re6 35. g4 f6 36. Re4 Rb6 37. Rxb6 axb6 38. b3 Kf7 39. Kg3 Rd7 40.
Re3 Ke6 41. c4 g6 42. Kh4 Rd4 43. Kg3 f5 44. gxf5+ gxf5 45. Kf3 e4+ 46. Kf4 Rd3
47. h4 Rxe3 48. h5 Rf3# 0-1

[Event "41. Open Ciutat de Badalona 2015 - C"]
[Site "Badalona ESP"]
[Date "2015.08.05"]
[Round "4.10"]
[White "Gomez Albamonte, Sonia"]
[Black "Serentill Tost, Eduard"]
[Result "0-1"]
[WhiteElo "1776"]
[BlackElo "1857"]
[PlyCount "79"]
[EventDate "2015.08.02"]
[EventType "swiss"]
[EventRounds "9"]
[EventCountry "ESP"]
[SourceTitle "Ajedrez en Madrid"]
[Source "lmi"]
[SourceDate "2015.08.02"]
[SourceVersion "1"]
[SourceVersionDate "2018.07.18"]
[SourceQuality "1"]

1. c4 Nf6 2. Nc3 g6 3. d4 Bg7 4. e4 d6 5. Be2 O-O 6. Be3 h6 7. h3 Nbd7 8. Nf3
a6 9. b4 e5 10. Rc1 exd4 11. Nxd4 c5 12. bxc5 dxc5 13. Nb3 b6 14. O-O Bb7 15.
Qc2 Re8 16. f3 Nh5 17. Rfd1 Qc7 18. f4 Ng3 19. Bf3 Nf6 20. Nd2 Re7 21. e5 Bxf3
22. Nxf3 Nf5 23. Bf2 Nh5 24. Nd5 Qc6 25. Nxe7+ Nxe7 26. Qd2 Bf8 27. Nh4 Ng7 28.
Qd6 Qb7 29. Rb1 Nc6 30. Qd5 Rd8 31. Qf3 Ne6 32. Rxd8 Nexd8 33. Qb3 Na5 34. Qd3
Ne6 35. f5 g5 36. Qe3 Nf4 37. Nf3 Nxc4 38. Qe1 Nxh3+ 39. Kh2 g4 40. Bg3 0-1

[Event "41. Open Ciutat de Badalona 2015 - C"]
[Site "Badalona ESP"]
[Date "2015.08.06"]
[Round "5.1"]
[White "Clanchet Olle, Josep"]
[Black "Rossi, Pascal"]
[Result "1-0"]
[WhiteElo "1890"]
[BlackElo "1775"]
[PlyCount "95"]
[EventDate "2015.08.02"]
[EventType "swiss"]
[EventRounds "9"]
[EventCountry "ESP"]
[SourceTitle "Ajedrez en Madrid"]
[Source "lmi"]
[SourceDate "2015.08.02"]
[SourceVersion "1"]
[SourceVersionDate "2018.07.18"]
[SourceQuality "1"]

1. e4 c5 2. Nf3 d6 3. d4 cxd4 4. Qxd4 e5 5. Bb5+ Nc6 6. Qd3 a6 7. Bxc6+ bxc6 8.
O-O Nf6 9. Rd1 Qc7 10. Nc3 h6 11. b3 Be7 12. Ba3 c5 13. Nd5 Nxd5 14. Qxd5 Bb7
15. Qc4 a5 16. Qe2 O-O 17. Rd2 Kh8 18. Rad1 f5 19. Nxe5 Rfe8 20. Nf7+ Kh7 21.
Nxd6 Bxd6 22. Rxd6 Rxe4 23. Qd3 c4 24. Qg3 Qf7 25. f3 f4 26. Qg4 Bc8 27. Rd7
Re1+ 28. Rxe1 Bxd7 29. Re7 Bxg4 30. Rxf7 Be6 31. Rxf4 cxb3 32. axb3 Rc8 33. c4
Rb8 34. c5 Rxb3 35. Ra4 Bd7 36. Rxa5 Rc3 37. Ra7 Bc6 38. Bb2 Rc2 39. Rxg7+ Kh8
40. Rc7+ Rxb2 41. Rxc6 Rc2 42. Rxh6+ Kg7 43. Rc6 Kf7 44. h4 Ke7 45. h5 Kd7 46.
Rd6+ Kc7 47. Rd5 Kc6 48. Rg5 1-0

[Event "41. Open Ciutat de Badalona 2015 - C"]
[Site "Badalona ESP"]
[Date "2015.08.06"]
[Round "5.3"]
[White "Mc Aleenan, Charles"]
[Black "Romero Funieles, Rafael de Jesus"]
[Result "1/2-1/2"]
[WhiteElo "1778"]
[BlackElo "1885"]
[PlyCount "63"]
[EventDate "2015.08.02"]
[EventType "swiss"]
[EventRounds "9"]
[EventCountry "ESP"]
[SourceTitle "Ajedrez en Madrid"]
[Source "lmi"]
[SourceDate "2015.08.02"]
[SourceVersion "1"]
[SourceVersionDate "2018.07.18"]
[SourceQuality "1"]

1. Nf3 e6 2. c4 Nf6 3. g3 d5 4. d4 h6 5. Bg2 c6 6. Qc2 Na6 7. a3 dxc4 8. Qxc4
Bd6 9. Nc3 Nc7 10. e4 Be7 11. Bf4 O-O 12. O-O Nce8 13. Rfd1 Bd7 14. Rac1 b5 15.
Qe2 a5 16. d5 exd5 17. exd5 cxd5 18. Nxd5 Nxd5 19. Rxd5 Nf6 20. Rd2 Re8 21. Ne5
Rc8 22. Rcd1 Bf8 23. Qd3 Re7 24. Bc6 Rxe5 25. Bxd7 Rd5 26. Qf3 Rxd7 27. Rxd7
Nxd7 28. Qb7 Qe8 29. Qxd7 Qxd7 30. Rxd7 b4 31. axb4 Bxb4 32. Bd2 1/2-1/2

[Event "41. Open Ciutat de Badalona 2015 - C"]
[Site "Badalona ESP"]
[Date "2015.08.06"]
[Round "5.4"]
[White "Navines Monfa, Josep"]
[Black "Lozano Ruiz, David"]
[Result "1/2-1/2"]
[WhiteElo "1874"]
[BlackElo "1812"]
[PlyCount "126"]
[EventDate "2015.08.02"]
[EventType "swiss"]
[EventRounds "9"]
[EventCountry "ESP"]
[SourceTitle "Ajedrez en Madrid"]
[Source "lmi"]
[SourceDate "2015.08.02"]
[SourceVersion "1"]
[SourceVersionDate "2018.07.18"]
[SourceQuality "1"]

1. e4 c5 2. Nf3 d6 3. c3 Nc6 4. d4 cxd4 5. cxd4 Nf6 6. Nc3 e6 7. Bg5 Be7 8. Rc1
a6 9. Bc4 Nxe4 10. Bxe7 Qxe7 11. Nxe4 d5 12. Bd3 dxe4 13. Bxe4 Qb4+ 14. Qd2 Qd6
15. O-O O-O 16. Rc5 f5 17. Bxc6 bxc6 18. Ne5 Bd7 19. Rfc1 Rac8 20. Qc3 Rfd8 21.
Nxc6 Bxc6 22. Rxc6 Rxc6 23. Qxc6 Kf7 24. b3 Qxc6 25. Rxc6 Rxd4 26. Kf1 a5 27.
Ke2 Rd5 28. a4 Kf6 29. Rb6 g5 30. g3 g4 31. Ke3 h5 32. Rb8 Re5+ 33. Kd3 Rd5+
34. Kc3 Rc5+ 35. Kd3 Rd5+ 36. Ke2 Re5+ 37. Kf1 Rd5 38. Rf8+ Kg7 39. Rb8 Kf6 40.
b4 axb4 41. Rxb4 Ra5 42. Ke2 e5 43. Ke3 Kg5 44. Kd3 h4 45. Ke3 h3 46. Rc4 Rd5
47. Rb4 Ra5 48. Kd3 Kf6 49. Kc4 Ke6 50. Rb6+ Kd7 51. Kb4 Rd5 52. Rf6 Rd4+ 53.
Kb5 f4 54. a5 fxg3 55. fxg3 e4 56. Rf4 Rd2 57. a6 Rxh2 58. a7 Rb2+ 59. Kc4 Ra2
60. Rxg4 Ke6 61. Rxe4+ Kf5 62. Rh4 Rxa7 63. Rxh3 Kg4 1/2-1/2